Sports Quiz

Random Sports or College Quiz
Score 0/20 Timer 07:00
1 Play Today
Hint Answer % Correct
Team ColorGold
91.7%
Current NicknameGolden Eagles
87.1%
ConferenceBig East
86%
No. of Men's Varsity Sports7
85.3%
Team ColorBlue
84.2%
CityMilwaukee
80.7%
Famous Alum: PG Glenn 'Doc' ____Rivers
67.2%
Basketball ArenaFiserv Forum
63.4%
No. of Women's Varsity Sports7
61.7%
Primary RivalDePaul
55.7%
Hint Answer % Correct
Year of Final Football Season1960
52.9%
Nickname 1954 - 1994Warriors
46.7%
Primary RivalWisconsin
45.6%
Famous Alum: PG ______ WadeDwyane
44.7%
Religous OrderJesuit
40.6%
Coach of Basketball National Championship TeamAl McGuire
39.9%
Fight SongRing Out Ahoya
34.1%
Year of NCAA Men's Basketball Championship1977
33.1%
StateWisconsin
32.6%
Athletic DirectorBill Scholl
13.6%
Remove Ads.
Support Sporcle.
Get the best of Sporcle when you Go Orange. This ad-free experience offers more features, more stats, and more fun while also helping to support Sporcle. Thank you for becoming a member.

You're not logged in!

Compare scores with friends on all Sporcle quizzes.
OR
Log In

Show Comments

Extras

Top Quizzes Today


Score Distribution

Your Account Isn't Verified!

In order to create a playlist on Sporcle, you need to verify the email address you used during registration. Go to your Sporcle Settings to finish the process.

Report this User

Report this user for behavior that violates our Community Guidelines.

Details: